000 00722nam a2200229Ia 4500
003 OSt
005 20230622145725.0
008 210423s2014 xx 000 0 und d
020 _a978-0-19-438921-1
040 _cAL
041 _aeng
082 _a401
_223
_bWIDO
100 _aWIDDOWSON (H G)
_9111798
245 _aOxford introductions to language study: discourse analysis by H G Widdowson
260 _aNew York
_bOxford University Press
_c2014
300 _axvi,136
_bPB
365 _b495
_cINR
440 _aOxford introductions to language study
_9111799
650 _aLanguage
_9111800
906 _aanalysis ; discourse ; G ; H ; introductions ; language ; Oxford ; study: ; Widdowson
942 _2ddc
_cBK
999 _c167135
_d167135